Introduction to statistical analysis of laboratory data / (Record no. 20472)
[ view plain ]
| 000 -LEADER | |
|---|---|
| fixed length control field | 02874cam a2200697 i 4500 |
| 001 - CONTROL NUMBER | |
| control field | ocn922799487 |
| 003 - CONTROL NUMBER IDENTIFIER | |
| control field | OCoLC |
| 005 - DATE AND TIME OF LATEST TRANSACTION | |
| control field | 20220701010919.0 |
| 006 - FIXED-LENGTH DATA ELEMENTS--ADDITIONAL MATERIAL CHARACTERISTICS--GENERAL INFORMATION | |
| fixed length control field | m o d |
| 007 - PHYSICAL DESCRIPTION FIXED FIELD--GENERAL INFORMATION | |
| fixed length control field | cr ||||||||||| |
| 008 - FIXED-LENGTH DATA ELEMENTS--GENERAL INFORMATION | |
| fixed length control field | 151001s2016 nju ob 001 0 eng |
| 010 ## - LIBRARY OF CONGRESS CONTROL NUMBER | |
| LC control number | 2015036670 |
| 040 ## - CATALOGING SOURCE | |
| Original cataloging agency | DLC |
| Language of cataloging | eng |
| Description conventions | rda |
| Transcribing agency | DLC |
| Modifying agency | YDX |
| -- | N$T |
| -- | OCLCF |
| -- | IDEBK |
| -- | YDXCP |
| -- | DG1 |
| -- | COO |
| -- | CDX |
| -- | DEBBG |
| -- | KSU |
| -- | CCO |
| 019 ## - | |
| -- | 957738544 |
| -- | 958084763 |
| 020 ## - INTERNATIONAL STANDARD BOOK NUMBER | |
| ISBN | 9781118736838 (pdf) |
| 020 ## - INTERNATIONAL STANDARD BOOK NUMBER | |
| ISBN | 1118736834 (pdf) |
| 020 ## - INTERNATIONAL STANDARD BOOK NUMBER | |
| ISBN | 9781119085003 (epub) |
| 020 ## - INTERNATIONAL STANDARD BOOK NUMBER | |
| ISBN | 1119085004 (epub) |
| 020 ## - INTERNATIONAL STANDARD BOOK NUMBER | |
| Cancelled/invalid ISBN | 9781118736869 (cloth) |
| 020 ## - INTERNATIONAL STANDARD BOOK NUMBER | |
| ISBN | 9781118736890 |
| 020 ## - INTERNATIONAL STANDARD BOOK NUMBER | |
| ISBN | 1118736893 |
| 020 ## - INTERNATIONAL STANDARD BOOK NUMBER | |
| ISBN | 1118736869 (cloth) |
| 020 ## - INTERNATIONAL STANDARD BOOK NUMBER | |
| ISBN | 9781118736869 (cloth) |
| 029 1# - (OCLC) | |
| OCLC library identifier | GBVCP |
| System control number | 843761717 |
| 029 1# - (OCLC) | |
| OCLC library identifier | DEBBG |
| System control number | BV043738070 |
| 035 ## - SYSTEM CONTROL NUMBER | |
| System control number | (OCoLC)922799487 |
| Canceled/invalid control number | (OCoLC)957738544 |
| -- | (OCoLC)958084763 |
| 042 ## - AUTHENTICATION CODE | |
| Authentication code | pcc |
| 050 00 - LIBRARY OF CONGRESS CALL NUMBER | |
| Classification number | RB38.3 |
| 072 #7 - SUBJECT CATEGORY CODE | |
| Subject category code | HEA |
| Subject category code subdivision | 039000 |
| Source | bisacsh |
| 072 #7 - SUBJECT CATEGORY CODE | |
| Subject category code | MED |
| Subject category code subdivision | 014000 |
| Source | bisacsh |
| 072 #7 - SUBJECT CATEGORY CODE | |
| Subject category code | MED |
| Subject category code subdivision | 022000 |
| Source | bisacsh |
| 072 #7 - SUBJECT CATEGORY CODE | |
| Subject category code | MED |
| Subject category code subdivision | 112000 |
| Source | bisacsh |
| 072 #7 - SUBJECT CATEGORY CODE | |
| Subject category code | MED |
| Subject category code subdivision | 045000 |
| Source | bisacsh |
| 082 00 - DEWEY DECIMAL CLASSIFICATION NUMBER | |
| Classification number | 616.07/50151 |
| Edition number | 23 |
| 049 ## - LOCAL HOLDINGS (OCLC) | |
| Holding library | MAIN |
| 100 1# - MAIN ENTRY--PERSONAL NAME | |
| Personal name | Bartolucci, Alfred A., |
| Relator term | author. |
| 245 10 - TITLE STATEMENT | |
| Title | Introduction to statistical analysis of laboratory data / |
| Statement of responsibility, etc | Alfred A. Bartolucci, Karan P. Singh, Sejong Bae. |
| 264 #1 - | |
| -- | Hoboken, New Jersey : |
| -- | John Wiley & Sons, |
| -- | 2016. |
| 300 ## - PHYSICAL DESCRIPTION | |
| Extent | 1 online resource. |
| 336 ## - | |
| -- | text |
| -- | rdacontent |
| 337 ## - | |
| -- | computer |
| -- | rdamedia |
| 338 ## - | |
| -- | online resource |
| -- | rdacarrier |
| 504 ## - BIBLIOGRAPHY, ETC. NOTE | |
| Bibliography, etc | Includes bibliographical references and index. |
| 505 0# - FORMATTED CONTENTS NOTE | |
| Formatted contents note | Descriptive statistics -- Distributions and hypothesis testing in formal statistical laboratory procedure -- Method validation -- Methodologies in outlier analysis -- Statistical process control -- Limits of calibration -- Calibration bias -- Robustness and ruggedness. |
| 588 ## - | |
| -- | Description based on print version record and CIP data provided by publisher. |
| 650 #0 - SUBJECT ADDED ENTRY--TOPICAL TERM | |
| Topical term or geographic name as entry element | Diagnosis, Laboratory |
| General subdivision | Statistical methods. |
| 650 #0 - SUBJECT ADDED ENTRY--TOPICAL TERM | |
| Topical term or geographic name as entry element | Statistics. |
| 650 #7 - SUBJECT ADDED ENTRY--TOPICAL TERM | |
| Topical term or geographic name as entry element | HEALTH & FITNESS / Diseases / General |
| Source of heading or term | bisacsh |
| 650 #7 - SUBJECT ADDED ENTRY--TOPICAL TERM | |
| Topical term or geographic name as entry element | MEDICAL / Clinical Medicine |
| Source of heading or term | bisacsh |
| 650 #7 - SUBJECT ADDED ENTRY--TOPICAL TERM | |
| Topical term or geographic name as entry element | MEDICAL / Diseases |
| Source of heading or term | bisacsh |
| 650 #7 - SUBJECT ADDED ENTRY--TOPICAL TERM | |
| Topical term or geographic name as entry element | MEDICAL / Evidence-Based Medicine |
| Source of heading or term | bisacsh |
| 650 #7 - SUBJECT ADDED ENTRY--TOPICAL TERM | |
| Topical term or geographic name as entry element | MEDICAL / Internal Medicine |
| Source of heading or term | bisacsh |
| 650 #7 - SUBJECT ADDED ENTRY--TOPICAL TERM | |
| Topical term or geographic name as entry element | Diagnosis, Laboratory |
| General subdivision | Statistical methods. |
| Source of heading or term | fast |
| -- | (OCoLC)fst00892323 |
| 650 #7 - SUBJECT ADDED ENTRY--TOPICAL TERM | |
| Topical term or geographic name as entry element | Statistics. |
| Source of heading or term | fast |
| -- | (OCoLC)fst01132103 |
| 655 #4 - INDEX TERM--GENRE/FORM | |
| Genre/form data or focus term | Electronic books. |
| 700 1# - ADDED ENTRY--PERSONAL NAME | |
| Personal name | Singh, Karan P., |
| Relator term | author. |
| 700 1# - ADDED ENTRY--PERSONAL NAME | |
| Personal name | Bae, Sejong, |
| Relator term | author. |
| 776 08 - ADDITIONAL PHYSICAL FORM ENTRY | |
| Display text | Print version: |
| Main entry heading | Bartolucci, Alfred A., author. |
| Title | Introduction to statistical analysis of laboratory data |
| Place, publisher, and date of publication | Hoboken, New Jersey : John Wiley & Sons, 2016 |
| International Standard Book Number | 9781118736869 |
| Record control number | (DLC) 2015025700 |
| 856 40 - ELECTRONIC LOCATION AND ACCESS | |
| Uniform Resource Identifier | <a href="http://dx.doi.org/10.1002/9781118736890">http://dx.doi.org/10.1002/9781118736890</a> |
| Public note | Wiley Online Library |
| 994 ## - | |
| -- | 92 |
| -- | DG1 |
No items available.